000 00649nam a2200229 i 4500
001 C2-0231463
003 PPAK
005 20180728084608.0
008 001121s1954 nyu |||| ||||| | eng d
040 _aPPAK
_beng
_cPPAK
_erda
082 0 4 _a428.1
_223
090 0 0 _a428.1
_bSHE
_dKSI
100 1 _aShefter, Harry,
_eauthor
245 1 0 _aSix minutes a day to perfect spelling
264 1 _aNew York :
_bPocket Books ,
_c1954
300 _axiii, 268 pages ;
_c15 cm
336 _2rdacontent
_atext
337 _2rdamedia
_aunmediated
338 _2rdacarrier
_avolume
650 1 0 _aEnglish language - Orthography and spelling
942 _ddc
_cB
999 _c150862
_d150862